000 00580nam a22001817a 4500
999 _c175043
_d175043
005 20200805135548.0
010 _aENG-128310
020 _c385.00
_a9789352837281
035 _aEN-111842
037 _bDBAD/PUB
082 _a530
100 _aArora,C.L
245 _aPhysics for Degree Students/
_cby C.L. Arora, Hemne,P. S
260 _aNew Delhi
_bS.Chand
_c2019
270 _aHead Office:7361,Ram Nagar,Qutab Rord
_bNew Delhi
_e110055
_k23672080
_l91-11-23677446
_minfo@schandpublishing.com
300 _axxii;882p.
_c24cm(pbk)
942 _2ddc
_cEN
_h530
_mARO